Advances in Financial ML

Guardat en:
Dades bibliogràfiques
Autor principal: Marcos Lopez de Prado
Format: Llibre
Publicat: wiley
Matèries:
Etiquetes: Afegir etiqueta
Sense etiquetes, Sigues el primer a etiquetar aquest registre!

MARC

LEADER 00000nam a2200000Ia 4500
005 20260427112714.0
526 |b FinTech 
100 |a Marcos Lopez de Prado 
020 |a 9781119482086 
650 |a ML Finance 
526 |a Masters 
942 |c BK 
245 |a Advances in Financial ML 
260 |b wiley 
999 |c 90  |d 90 
952 |0 0  |1 0  |4 0  |7 0  |8 3  |a BRISTOL  |b BRISTOL  |d 2026-04-22  |l 0  |p 000089  |r 2026-04-27 11:27:14  |w 2026-04-27  |y BK